Pokédex : Quatrième génération (Sinnoh) - Statistiques

Statistiques générales
  • Ce quiz a été pris 235 fois
  • Le résultat moyen est 68 sur 107
Statistiques - réponses
Numéro Pokémon % Correct
0393 Tiplouf
96%
0387 Tortipouss
96%
0395 Pingoléon
95%
0392 Simiabraz
95%
0483 Dialga
94%
0390 Ouisticram
94%
0389 Torterra
94%
0484 Palkia
93%
0396 Étourmi
92%
0388 Boskara
91%
0391 Chimpenfeu
91%
0398 Étouraptor
91%
0397 Étourvol
91%
0394 Prinplouf
91%
0487 Giratina
88%
0404 Luxio
85%
0403 Lixy
84%
0480 Créhelf
83%
0399 Keunotor
83%
0405 Luxray
83%
0493 Arceus
82%
0482 Créfadet
82%
0481 Créfollet
82%
0491 Darkrai
82%
0445 Carchacrok
81%
0400 Castorno
81%
0444 Carmache
78%
0443 Griknot
78%
0467 Maganon
77%
0492 Shaymin
76%
0448 Lucario
75%
0466 Élekable
74%
0485 Heatran
74%
0418 Mustébouée
74%
0419 Mustéflott
74%
0407 Roserade
74%
0488 Cresselia
72%
0447 Riolu
72%
0408 Kranidos
70%
0486 Regigigas
70%
0410 Dinoclier
68%
0490 Manaphy
68%
0489 Phione
68%
0411 Bastiodon
67%
0471 Givrali
66%
0470 Phyllali
66%
0426 Grodrive
65%
0429 Magirêve
65%
0425 Baudrive
64%
0460 Blizzaroi
64%
0459 Blizzi
64%
0409 Charkos
64%
0406 Rozbouton
64%
0432 Chaffreux
62%
0431 Chaglam
62%
0442 Spiritomb
62%
0401 Crikzik
61%
0461 Dimoret
60%
0422 Sancoki
60%
0468 Togekiss
60%
0462 Magnézone
59%
0402 Mélokrik
59%
0434 Moufouette
57%
0464 Rhinastoc
57%
0423 Tritosor
57%
0416 Apireine
56%
0415 Apitrini
56%
0413 Cheniselle
55%
0412 Cheniti
55%
0479 Motisma
55%
0435 Mouflair
55%
0417 Pachirisu
55%
0430 Corboss
54%
0446 Goinfrex
53%
0455 Vortente
53%
0475 Gallame
52%
0449 Hippopotas
52%
0436 Archéomire
51%
0437 Archéodong
50%
0478 Momartik
50%
0453 Cradopaud
49%
0473 Mammochon
49%
0472 Scorvol
48%
0454 Coatox
47%
0450 Hippodocus
47%
0420 Ceribou
46%
0477 Noctunoir
45%
0469 Yanmega
45%
0421 Ceriflor
43%
0427 Laporeille
43%
0414 Papilord
43%
0440 Ptiravi
43%
0476 Tarinorme
43%
0428 Lockpin
42%
0452 Drascore
40%
0456 Écayon
40%
0457 Luminéon
40%
0474 Porygon-Z
40%
0424 Capidextre
37%
0438 Manzaï
37%
0451 Rapion
37%
0465 Bouldeneu
36%
0439 Mime Jr
35%
0463 Coudlangue
34%
0433 Korillon
34%
0441 Pijako
30%
0458 Babimanta
26%
Aucun quiz correspondant
Distribution des résultats
% des personnes avec chaque résultat
Percentile par nombre de réponses
Votre historique - résultats
Vous n’avez pas pris ce quiz